Yungblud - Zombie - All lyrics - Statistics

General Stats
  • This quiz has been taken 87 times
  • The average score is 187 of 212
Answer Stats
Answer % Correct
a
100%
A
100%
I
98%
me
98%
me,
98%
me?
98%
the
98%
to
98%
To
98%
zombie?
98%
If
96%
if
96%
it
96%
like
96%
want
96%
you
96%
looking
94%
about
91%
But
91%
even
91%
hurt,
91%
hurt
91%
it's
91%
my
91%
without
91%
would
91%
Would
91%
can't
89%
do
89%
live
89%
pain
89%
was
89%
keep
87%
lie,
87%
lie
87%
Oh,
87%
out,
87%
out
87%
They
87%
they
87%
this
87%
words
87%
world
87%
know
85%
need
85%
running
85%
talk
85%
that
85%
time
85%
ask
83%
turn
83%
turning
83%
We
83%
will
83%
mind,
81%
were
81%
your
79%
moon
77%
of
77%
So,
77%
So
77%
be
74%
crash,
74%
could
72%
don't
72%
fix
72%
is
72%
just
72%
last
72%
spaceship
72%
wouldn't
72%
say
70%
there
70%
you're
70%
care
68%
we'd
68%
Because
64%
every
64%
almost
62%
moment,
62%
prayers,
62%
you'll
62%
catch
60%
figment
60%
fools
60%
believe
57%
blank
57%
stare,
57%
I'll
55%
what
55%
love
49%
No matching quizzes found
Score Distribution
Percent of People with Each Score
Percentile by Number Answered
Your Score History
You have not taken this quiz